Zodpovednosť za škodu pri pracovných úrazoch

Zodpovednosť zamestnávateľa za škodu, ktorú zamestnanec utrpel pri pracovnom úraze, má svoje zákonitosti upravené pracovnoprávnymi predpismi. Na to, aby zamestnávateľ zodpovedal za škodu, musia byť kumulatívne naplnené určité zodpovednostné predpoklady. Ktoré sú to?

Saved in:
Bibliographic Details
Main Author: Žuľová, Jana
Format: Book Chapter
Language:Slovak
Subjects:
Tags: Add Tag
No Tags, Be the first to tag this record!

MARC

LEADER 00000naa a2200000 4500
001 0291299
005 20240417075228.6
041 0 |a slo 
044 |a SK 
245 1 0 |a Zodpovednosť za škodu pri pracovných úrazoch  |c Jana Žuľová 
520 |a Zodpovednosť zamestnávateľa za škodu, ktorú zamestnanec utrpel pri pracovnom úraze, má svoje zákonitosti upravené pracovnoprávnymi predpismi. Na to, aby zamestnávateľ zodpovedal za škodu, musia byť kumulatívne naplnené určité zodpovednostné predpoklady. Ktoré sú to? 
610 2 0 |a zodpovednosť za škody 
610 2 0 |a zamestnávatelia 
610 2 0 |a zamestnanci 
610 2 0 |a úrazy pracovné 
610 2 0 |a náhrada škody 
610 2 0 |a predpisy pracovnoprávne 
610 2 0 |a vzťahy pracovnoprávne 
100 1 |a Žuľová, Jana